000 01105nam a2200241Ia 4500
001 876-ERA ro op (8296)
003 IT-MiSPE
008 171229s9999||||xx |||||||||||||| ||und||
040 _aIT-MiSPE
_cIT-MiSPE
041 _aLATINO
100 _aErasmo da Rotterdam (Erasmo Desiderio da Rotterdam)
245 0 _aOpus Epistolarum Des. Erasmi Roteradami
_bI. 1484-1514
250 _a1a ed. (v)
260 _aOxonii
_bTyp. Clarendonianus
_c1906
300 _aXXIV, 618 p. [v.]
_c24 cm
490 _v
501 _aEdizioni San Paolo srl - Piazza Soncino, 5 - 20092 CINISELLO BALSAMO (MI) (non commercial uses only) ® Copyright 2018
520 _aDenuo recognitum et auctum per Persy Stafford Allen
700 _aPersy Stafford Allen
942 _cBK
957 _71
999 _a18544
_bNO
_g Copie: 1
_c355034
_d355034